000 00604nam a22001697a 4500
003 OSt
008 260512b |||||||| |||| 00| 0 eng d
020 _a9783030982355
082 _a333.72
_bS13C
245 _aConservation, Management and Monitoring of Forest Resources in India
_b/edited by Mehebub Sahana, Gopala Areendran and Krishna Raj
260 _aSwitzerland
_b: Springer Nature
_c; 2022.
300 _axvi, 571 p.
650 _a Economics | Social sciences | Biodiversity conservation | India | Natural resources
700 _aAreendran , Gopala
700 _aRaj, Krishna
942 _2ddc
_cBK
999 _c50564
_d50564